The Role of Animals and Birds in the Hindu Mythology (Record no. 47359)
[ view plain ]
| 000 -LEADER | |
|---|---|
| fixed length control field | 00628nam a22001577a 4500 |
| 005 - DATE AND TIME OF LATEST TRANSACTION | |
| control field | 20260317154741.0 |
| 008 - FIXED-LENGTH DATA ELEMENTS--GENERAL INFORMATION | |
| fixed length control field | 260317b |||||||| |||| 00| 0 eng d |
| 040 ## - CATALOGING SOURCE | |
| Transcribing agency | VITAP |
| 082 ## - DEWEY DECIMAL CLASSIFICATION NUMBER | |
| Edition number | 23rd Ed. |
| Classification number | 294.592 IYE |
| 100 ## - MAIN ENTRY--PERSONAL NAME | |
| Personal name | Iyer, Kolar Krishna |
| 9 (RLIN) | 17282 |
| 245 ## - TITLE STATEMENT | |
| Title | The Role of Animals and Birds in the Hindu Mythology |
| Statement of responsibility, etc. | / Kolar Krishna Iyer |
| 260 ## - PUBLICATION, DISTRIBUTION, ETC. | |
| Place of publication, distribution, etc. | Tirupati |
| Name of publisher, distributor, etc. | Tirumala Tirupati Devasthanams (T.T.D.) |
| Date of publication, distribution, etc. | 2016 |
| 300 ## - PHYSICAL DESCRIPTION | |
| Extent | vi, 198p. : ill. ; 21cm |
| 650 #0 - SUBJECT ADDED ENTRY--TOPICAL TERM | |
| Topical term or geographic name entry element | Mythology; Hindu Animals in religion - Hinduism; Birds in religion - Hinduism; Symbolism of animals - India; Sacred animals - India |
| 9 (RLIN) | 17283 |
| 942 ## - ADDED ENTRY ELEMENTS (KOHA) | |
| Source of classification or shelving scheme | Dewey Decimal Classification |
| Koha item type | Reference Book |
| Withdrawn status | Lost status | Source of classification or shelving scheme | Materials specified (bound volume or other part) | Damaged status | Not for loan | Collection code | Home library | Current library | Shelving location | Date acquired | Source of acquisition | Cost, normal purchase price | Inventory number | Total Checkouts | Full call number | Barcode | Date last seen | Cost, replacement price | Price effective from | Koha item type | Public note |
|---|---|---|---|---|---|---|---|---|---|---|---|---|---|---|---|---|---|---|---|---|---|
| Dewey Decimal Classification | Paper Back | Reference | School of Business & General Section | VIT-AP | Reference | 2026-03-16 | Donated Book | 0.00 | DB1 | 294.592 IYE | 025673 | 2026-03-17 | 0.00 | 2026-03-16 | Reference Book | GEN |